Les 25 pays comptant le plus d'utilisateurs d'internet - Statistiques

Statistiques générales
  • Ce quiz a été pris 214 fois
  • Le résultat moyen est 21 sur 25
Statistiques - réponses
Rang Nombre (arrondi] Pays % Correct
1 987 000 000 Chine
99%
3 301 666 000 Etats Unis
99%
16 57 273 000 France
99%
2 593 400 000 Inde
97%
6 122 488 000 Russie
97%
4 172 173 000 Brésil
96%
21 44 048 000 Espagne
96%
7 113 252 000 Japon
96%
10 74 845 000 Allemagne
95%
15 63 855 000 Royaume Uni
95%
22 41 615 000 Italie
94%
8 92 832 000 Mexique
94%
20 50 281 000 Corée du sud
88%
25 39 024 000 Argentine
87%
5 147 703 000 Indonésie
84%
14 65 784 000 Turquie
77%
12 73 681 000 Egypte
76%
17 55 224 000 Pakistan
76%
23 41 516 000 Afrique du Sud
73%
19 54 444 000 Thailande
73%
9 75 594 000 Iran
70%
11 74 210 000 Nigéria
67%
13 68 137 000 Viet Nam
67%
24 41 172 000 Bangladesh
64%
18 54 791 000 Philippines
64%
Aucun quiz correspondant
Distribution des résultats
% des personnes avec chaque résultat
Percentile par nombre de réponses
Votre historique - résultats
Vous n’avez pas pris ce quiz